000 00479nam a2200181Ia 4500
008 240925s9999 xx 000 0 und d
020 _a70189935
082 _a537.0202 EDM
100 _aEdminister, Joseph A.
245 0 _aThoery and Problems of Electromagnetics
250 _a2nd
260 _aToronto:
_bMc Graw-Hill
_c,1993.
300 _axv,907p.
_bNA
_fOriginal
500 _aIncludes Index
600 _aHumanities & Natural Science
650 _aPhysics
942 _cBK
999 _c3277
_d3277